000 00436nam a2200193Ia 4500
003 OSt
005 20251105123210.0
008 250729s2005 xx 000 0 und d
020 _a81-7141-275-2
040 _cAL
041 _aeng
082 _a370 NUNP
100 _aNunn Percy
_9223924
245 _aPrinciples of education
260 _aNew Delhi
_c2005
300 _a260p
650 _aEducation
_9223925
942 _2ddc
_cBED
999 _c236148
_d236148